[Event "BLR-chT"]
[Site "Minsk"]
[Date "2016.04.25"]
[Round "1"]
[White "Vialichka, Kiryl"]
[Black "Podolchenko, Evgeniy"]
[Result "0-1"]
[WhiteElo "1886"]
[BlackElo "2409"]
[PlyCount "66"]
[EventDate "2016.04.25"]
[EventType "team-swiss"]
[EventRounds "7"]
[EventCountry "BLR"]
[SourceTitle "CBM 172 Extra"]
[Source "ChessBase"]
[SourceDate "2016.06.21"]
[SourceVersion "1"]
[SourceVersionDate "2016.06.21"]
[SourceQuality "1"]
[WhiteTeam "Minsk Gimnazy"]
[BlackTeam "Vector"]
[WhiteTeamCountry "BLR"]
[BlackTeamCountry "BLR"]

1. Nf3 Nf6 2. d4 e6 3. g3 b6 4. Bg2 Bb7 5. c4 Be7 6. Nc3 Ne4 7. 0-0 Nxc3 8. bxc3 0-0 9. Re1 f5 10. d5 Na6 11. Nd4 Nc5 12. Ba3 Ne4 13. Bxe7 Qxe7 14. Bxe4 fxe4 15. dxe6 d6 16. f4 c5 17. Nc2 Qxe6 18. Ne3 Rfd8 19. Nd5 Rd7 20. Qb3 h5 21. e3 h4 22. Re2 hxg3 23. hxg3 Kf7 24. f5 Qe5 25. Rg2 Bxd5 26. cxd5 Rh8 27. Rf1 Rh3 28. Rf4 Re7 29. a4 a6 30. c4 Qa1+ 31. Rf1 Rh1+ 32. Kxh1 Qxf1+ 33. Kh2 Re8 0-1

[Event "EU-ch U12"]
[Site "Albena"]
[Date "2011.09.13"]
[Round "3"]
[White "Vialichka, Kiryl"]
[Black "Kovalev, Egor"]
[Result "1-0"]
[WhiteElo "1838"]
[BlackElo "1922"]
[PlyCount "51"]
[EventDate "2011.09.11"]
[EventType "swiss"]
[EventRounds "9"]
[EventCountry "BUL"]
[SourceTitle "CBM 144 Extra"]
[Source "ChessBase"]
[SourceDate "2011.10.28"]
[SourceVersion "1"]
[SourceVersionDate "2011.10.28"]
[SourceQuality "1"]

1. Nf3 Nf6 2. c4 c6 3. d4 d5 4. cxd5 cxd5 5. Nc3 Bf5 6. Qb3 b6 7. Bf4 a6 8. Rc1 Ra7 9. Bxb8 Qxb8 10. Nxd5 Nxd5 11. Qxd5 Rc7 12. Rxc7 Qxc7 13. Kd2 Qc2+ 14. Ke3 g6 15. Ng5 f6 16. Qf7+ Kd7 17. Qd5+ Kc8 18. Nf7 Bg7 19. Nxh8 Bh6+ 20. Kf3 e6 21. Qa8+ Kc7 22. Kg3 Be4 23. Qa7+ Bb7 24. h4 Qf5 25. e3 Qe4 26. Rh3 1-0

[Event "EU-chT Children 12 years old"]
[Site "St Constantin and Helena"]
[Date "2010.06.13"]
[Round "1.2"]
[White "Emdin, Mark"]
[Black "Vialichka, Kiryl"]
[Result "1-0"]
[WhiteElo "1946"]
[BlackElo "1832"]
[PlyCount "115"]
[EventDate "2010.06.13"]
[EventType "team-swiss"]
[EventRounds "7"]
[EventCountry "BUL"]
[SourceTitle "EXT 2020"]
[Source "ChessBase"]
[SourceDate "2019.10.17"]
[SourceVersion "1"]
[SourceVersionDate "2019.10.17"]
[SourceQuality "1"]

1. e4 d5 2. exd5 Qxd5 3. Nc3 Qa5 4. d4 c6 5. Nf3 Bg4 6. Be2 Nf6 7. h3 Bxf3 8. Bxf3 e6 9. 0-0 Qc7 10. Re1 Bd6 11. Ne4 Be7 12. c3 Nbd7 13. g3 Nxe4 14. Bxe4 Nf6 15. Bc2 Bd6 16. Kg2 0-0-0 17. b4 Nd5 18. Qd3 c5 19. bxc5 Bxc5 20. dxc5 Nf4+ 21. Bxf4 Rxd3 22. Bxc7 Rxc3 23. Be5 Rxc2 24. Bxg7 Rg8 25. Bd4 Rc4 26. Red1 Rg5 27. Rac1 Ra4 28. Rc2 e5 29. Be3 Rg6 30. Rcd2 Rf6 31. f4 e4 32. Rd8+ Kc7 33. R1d7+ Kc6 34. Rd6+ Rxd6 35. Rxd6+ Kb5 36. Rd2 Ra3 37. Kf2 f5 38. g4 fxg4 39. hxg4 Kc4 40. f5 Ra6 41. g5 Rc6 42. f6 Rc7 43. Rd4+ Kc3 44. Rxe4 Rf7 45. Re7 Rf8 46. Rxh7 a5 47. f7 a4 48. g6 Kb2 49. Bh6 Rd8 50. f8Q Rxf8+ 51. Bxf8 Kxa2 52. Rxb7 a3 53. c6 Ka1 54. Bxa3 Ka2 55. c7 Ka1 56. c8Q Ka2 57. Qa8 Ka1 58. Bc1# 1-0